परदा / (Record no. 212739)

MARC details
000 -LEADER
fixed length control field 00852nam a22001937a 4500
005 - DATE AND TIME OF LATEST TRANSACTION
control field 20250731111515.0
010 ## - LCCN (DPL NO)
LC control number HIN-130074
020 ## - INTERNATIONAL STANDARD BOOK NUMBER
Terms of availability 110.00
035 ## - SYSTEM CONTROL NUMBER
System control number HN-102420
037 ## - SOURCE OF ACQUISITION
Source of stock number/acquisition DBAD
082 ## - DEWEY DECIMAL CLASSIFICATION NUMBER
Classification number 305.6
100 ## - MAIN ENTRY--PERSONAL NAME
Personal name मौदूदी सैयद अबुल आला
245 ## - TITLE STATEMENT
Title परदा /
Remainder of title सैयद अबुल आला मौदूदी
260 ## - PUBLICATION, DISTRIBUTION, ETC. (IMPRINT)
Place of publication, distribution, etc नई दिल्ली
Name of publisher, distributor, etc मक्रजी मक्तबा इस्लामी पब्लिशर्स
Date of publication, distribution, etc 2014
270 ## - ADDRESS
Address डी-307, दावत नगर , अबुल फज्ल इन्कलेव, जामिया नगर , ओखला , नई दिल्ली -110025
300 ## - PHYSICAL DESCRIPTION
Extent 280पृ.
Dimensions 21.3सेमी (अजिल्द)
700 ## - ADDED ENTRY--PERSONAL NAME
9 (RLIN) 83490
942 ## - ADDED ENTRY ELEMENTS (KOHA)
Source of classification or shelving scheme Dewey Decimal Classification
Item type Hindi Books
Classification part 305.6
Call number suffix मौदूदी
Holdings
Withdrawn status Lost status Not for loan Collection code Home library Current library Date acquired Source of acquisition Cost, normal purchase price Full call number Barcode Copy number Cost, replacement price Koha item type
      Non-fiction Sarojini Nagar Sarojini Nagar 31/07/2025 DBAD 110.00 305.6 मौदूदी HN-102420 1 110.00 Hindi Books

© Delhi Public Library
Hit Counter
free hit counter